000 01083nam a22003377a 4500
001 BR0903864
003 BR-BrBNA
005 20230928103047.0
007 ta
008 230509b bl.||||| |||| 00| 0 por d
040 _aBR-BrBNA
_bpor
_cBiblioteca Nacional de Agricultura
041 _a(Por)
072 _aQ04; Q03
_b8966
_b2310
_b2338
090 _ 8966 BR0903864
100 1 _aLima, R.K. de
110 1 _aUniversidade Federal de Lavras, MG (Brasil)
_0Tese (Doutorado)
245 1 _aÓleos essenciais de Myristica fragrans Houtt. e de Salvia microphylla H.B.K.: caracterização química, atividade biológica e antioxidante
260 3 _aLavras, MG (Brasil):
_c2008.
300 _a144 p.
500 _aSummaries (Eng, Por); Several bibliography; 19 tables; 16 illus.
650 _aÓLEO ESSENCIAL
650 _aMYRISTICA FRAGRANS
650 _aSALVIA
650 _aANÁLISE QUÍMICA
650 _aINSETICIDA
650 _aBACTERICIDA
650 _aANTIOXIDANTE
650 _aANÁLISE MICROBIOLÓGICA
909 _a202309
_bLucia
_c55
_dLucia Elande
942 _cBK
999 _c73545
_d73545